logo

Bir Sreshtho Munshi Abdur Rouf Library
Jhenaidah Cadet College

1993 Britannica book of the year / (Record no. 9780)

MARC details
000 -LEADER
fixed length control field 02013cas a2200577 a 4500
001 - CONTROL NUMBER
JCCL Control Number 9780
003 - CONTROL NUMBER IDENTIFIER
JCCL marc code BD-JhCC
005 - DATE AND TIME OF LATEST TRANSACTION
control field 20180401081625.0
008 - FIXED-LENGTH DATA ELEMENTS--GENERAL INFORMATION
fixed length control field 180329c19389999iluar1 0 a0eng d
022 ## - INTERNATIONAL STANDARD SERIAL NUMBER
International Standard Serial Number 0068-1156
029 1# - (OCLC)
OCLC library identifier NLM
System control number 00110160R
035 ## - SYSTEM CONTROL NUMBER
system control number (OCoLC)00911926
035 ## - SYSTEM CONTROL NUMBER
system control number (OCoLC)01537107
-- (BD-JhCC)9780
035 ## - SYSTEM CONTROL NUMBER
system control number (OCoLC)02660150
035 ## - SYSTEM CONTROL NUMBER
system control number (OCoLC)03760849
035 ## - SYSTEM CONTROL NUMBER
system control number (OCoLC)08507732
035 ## - SYSTEM CONTROL NUMBER
system control number (OCoLC)10373400
035 ## - SYSTEM CONTROL NUMBER
system control number (OCoLC)37154133
040 ## - CATALOGING SOURCE
Original cataloging agency WAL
Transcribing agency WAL
Modifying agency UCU
-- NSD
-- DLC
-- NSD
-- NST
-- OCL
-- RCS
-- HUL
-- OCL
-- HUL
-- OCL
-- NST
-- HUL
-- NST
-- HUL
-- IUL
-- HUL
-- NST
-- OCL
-- IUL
-- SYS
-- B2Q
-- GUA
-- NLM
-- HUL
-- MYG
-- BD-JhCC
041 ## - LANGUAGE CODE
Language code of Book eng
050 00 - LIBRARY OF CONGRESS CALL NUMBER
Classification number AE5
Item number .E364
060 00 - NATIONAL LIBRARY OF MEDICINE CALL NUMBER
Classification number AE 5
Item number E561
082 00 - DEWEY DECIMAL CLASSIFICATION NUMBER
Classification number 030.2
Author mark and Year BRI 1993
245 00 - TITLE STATEMENT
Title 1993 Britannica book of the year /
246 1# - VARYING FORM OF TITLE
Title proper/short title Encyclopaedia Britannica book of the year
246 30 - VARYING FORM OF TITLE
Title proper/short title Book of the year
246 18 - VARYING FORM OF TITLE
Title proper/short title Britannica world data annual
260 ## - PUBLICATION, DISTRIBUTION, ETC. (IMPRINT)
Place of publication, distribution, etc Chicago :
Name of publisher, distributor, etc Encyclopaedia Britannica, Inc.
Date of publication, distribution, etc 1993.
300 ## - PHYSICAL DESCRIPTION
Pagination v. :
Other physical details ill. ;
Dimensions 29 cm.
500 ## - GENERAL NOTE
General note "The Britannica book of the year bridges the gap between editions [of the Encyclopaedia Britannica]."
500 ## - GENERAL NOTE
General note Issues for 1985-<2000> include: Britannica world data; for <2002-2003> include: World data.
500 ## - GENERAL NOTE
General note Description based on: 1939.
500 ## - GENERAL NOTE
General note Latest issue consulted: 2003.
504 ## - BIBLIOGRAPHY, ETC. NOTE
Bibliography, etc Includes bibliographies.
515 ## - NUMBERING PECULIARITIES NOTE
Numbering peculiarities note Each issue covers events of the previous year.
650 #0 - SUBJECT ADDED ENTRY--TOPICAL TERM
Topical term or geographic name as entry element Encyclopedias and dictionaries.
650 #0 - SUBJECT ADDED ENTRY--TOPICAL TERM
Topical term or geographic name as entry element Yearbooks.
650 #0 - SUBJECT ADDED ENTRY--TOPICAL TERM
Topical term or geographic name as entry element History, Modern
Chronological subdivision 20th century
Form subdivision Periodicals.
650 #0 - SUBJECT ADDED ENTRY--TOPICAL TERM
Topical term or geographic name as entry element History, Modern
Chronological subdivision 21st century
Form subdivision Periodicals.
710 2# - ADDED ENTRY--CORPORATE NAME
Corporate name or jurisdiction name as entry element Encyclopaedia Britannica, inc.
730 0# - ADDED ENTRY--UNIFORM TITLE
Uniform title Encyclopaedia Britannica.
740 02 -
Uncontrolled related/analytical title Britannica world data.
740 02 -
Uncontrolled related/analytical title World data.
740 0# -
Uncontrolled related/analytical title Year in review.
856 41 - ELECTRONIC LOCATION AND ACCESS
Uniform Resource Identifier http://www.search.eb.com/browse/year
942 ## - ADDED ENTRY ELEMENTS (KOHA)
Source of classification or shelving scheme Dewey Decimal Classification
Koha item type Reference
Holdings
Source of classification or shelving scheme Damaged status Not for loan Home library Current library Shelving location Date of accession Total Checkouts Full call number Barcode Date last seen Copy number Koha item type
Dewey Decimal Classification     JCC Rouf Library JCC Rouf Library General Stacks 03/29/2018   030.2 BRI 1993 13153 03/29/2018 C-1 Reference

JCC Library | Contacts | JCC Home

Last Update on 23 September 2017
Copyright @ 2017-2020 JCC Rouf Library
Rouf Library, Jhenidah Cadet College (JCC), Bangladesh